000 00241nam a2200121Ia 4500
100 _a#N/A
650 _aComputer/ IT
942 _cBK
654 _amechatronics
245 _aMechatronics system design
260 _b#N/A
546 _aENGLISH
999 _c29243
_d29243